| Поле | Инд. | ПП | Название | Значение |
|---|---|---|---|---|
| Тип записи | a | |||
| Библиографический уровень | m | |||
| 001 | Контрольный номер | e62f0378b08d45c0ac3afce894b1effc | ||
| 005 | Дата корректировки | 20250131103403.8 | ||
| 084 | a | Индекс другой классификации/Индекс ББК | 88 | |
| 097 | b | Оператор | Кондратьева | |
| 245 | 10 | a | Заглавие | Вестник Московского университета. Серия 14. Психология |
| n | Номер части/ раздела | 3 | ||
| 260 | c | Дата издания | 2024 | |
| 900 | a | Имя макрообъекта | 0000003853491 | |
| 901 | t | Тип документа | s |